Statistics for 50 Shades of Grey Hair

Click here to take the quiz!

General Stats

  • This quiz has been taken 22 times
  • The average score is 27 of 50

Answer Stats

Answer% Correct
Meryl Streep
94%
Morgan Freeman
94%
Albert Einstein
88%
George Clooney
88%
Rowan Atkinson
88%
Andy Warhol
82%
Hugh Grant
82%
Judi Dench
82%
Helen Mirren
76%
Julie Andrews
76%
Maggie Smith
76%
Michael Caine
76%
Pierce Brosnan
76%
Prince Andrew
76%
Russell Crowe
76%
Hugh Laurie
71%
Jamie Lee Curtis
71%
Billy Joel
65%
Colin Firth
65%
Donald Sutherland
65%
Kelly Osbourne
65%
Ted Danson
65%
Matt LeBlanc
59%
Kylie Jenner
53%
Stellan Skarsgard
53%
David Attenborough
47%
Jeremy Clarkson
47%
Joaquin Phoenix
47%
Mary Berry
47%
Stephen Fry
47%
Steve Carrell
47%
Vanessa Redgrave
47%
Gary Lineker
41%
George Takei
41%
Julie Walters
41%
Patrick Dempsey
41%
Brian Blessed
35%
Chris Pine
35%
David Jason
35%
Judy Murray
35%
Katy Perry
35%
Paul Hollywood
35%
Bill Oddie
29%
Christopher Columbus
29%
Caroline Quentin
18%
Frank Skinner
18%
Jacqueline Wilson
18%
Jimmy Bullard
18%
Ralph Lauren
12%
Cara Delivingne
0%

Score Distribution

Percentile by Number Answered

Percent of People with Each Score

Your Score History

You have not taken this quiz